Cruz de olvido /
Guardado en:
| Hovedforfatter: | |
|---|---|
| Format: | Bog |
| Sprog: | Spanish |
| Udgivet: |
México, D.F. :
Alfaguara,
2000.
|
| Udgivelse: | 1. edición de bolsillo |
| Serier: | Bolsillo
|
| Fag: | |
| Tags: |
Tilføj Tag
Ingen Tags, Vær først til at tagge denne postø!
|
MARC
| LEADER | 00000cam a22000007a 4500 | ||
|---|---|---|---|
| 001 | 11979140 | ||
| 005 | 20150625102854.0 | ||
| 008 | 991206s2000 mx 000 f spa | ||
| 020 | |a 96812298X | ||
| 040 | |a DLC |c DLC |d CIICLA | ||
| 082 | |a CR863.4 |b C8289c 2000 | ||
| 100 | 1 | |a Cortés Zúñiga, Carlos |d 1962- | |
| 245 | 1 | 0 | |a Cruz de olvido / |c Carlos Cortés. |
| 250 | |a 1. edición de bolsillo | ||
| 260 | |a México, D.F. : |b Alfaguara, |c 2000. | ||
| 300 | |a 344 páginas | ||
| 490 | 1 | |a Bolsillo | |
| 500 | |a Primera edición en bolsillo. | ||
| 650 | 1 | 4 | |a LITERATURA COSTARRICENSE |v NOVELA |
| 942 | |2 ddc |c BK | ||
| 999 | |c 4331 |d 4331 | ||
